| 000 | 00761nam a2200229 a 4500 | ||
|---|---|---|---|
| 999 |
_c1208 _d1208 |
||
| 001 | 1208 | ||
| 003 | BD-JhCC | ||
| 005 | 20200405134007.0 | ||
| 008 | 171016s2014 bg |||| |||| 000 0 ben d | ||
| 020 | _a9848485295 | ||
| 035 | _a(BD-JhCC) 1208 | ||
| 040 |
_aBD-JhCC _dBD-JhCC |
||
| 041 | _aben | ||
| 082 |
_223 _a891.44 _bIQB 2014 |
||
| 100 | _aইকবাল, জাফর মুহম্মদ | ||
| 245 |
_aবিজ্ঞানী সফদর আলীর মহা মহা আবিস্কার / _cজাফর মুহম্মদ ইকবাল. |
||
| 260 |
_aঢাকা : _bজ্ঞানকোষ প্রকাশনী, _c2014. |
||
| 300 |
_a143 p. : _c22 cm. |
||
| 650 | _aBengali Fiction | ||
| 942 |
_2ddc _cBK _03 |
||